Statistics for Top 30 Biggest Eminem Songs

Click here to take the quiz!

General Stats

  • This quiz has been taken 2,418 times
  • The average score is 11 of 30

Answer Stats

HintAnswer% Correct
1Lose Yourself
90%
24Stan
75%
2Love The Way You Lie
74%
5Not Afraid
73%
7The Real Slim Shady
70%
4Without Me
65%
25My Name Is
60%
13Mockingbird
59%
14When Im Gone
45%
10Crack A Bottle
38%
28The Way I Am
38%
29Beautiful
35%
23Like Toy Soldiers
35%
16Sing For The Moment
34%
8Just Lose It
33%
17Superman
32%
19We Made You
30%
6Cleanin Out My Closet
30%
20No Love
27%
12Shake That
25%
18Forgot About Dre
24%
30Ass Like That
23%
15Berzerk
23%
11I Need A Doctor
21%
9Forever
19%
3Smack That
14%
26You Dont Know
12%
22Drop The World
9%
21Encore
8%
27Thats All She Wrote
3%

Score Distribution

Percentile by Number Answered

Percent of People with Each Score

Your Score History

You have not taken this quiz